| 000 | 01363cam a2200361 a 4500 | ||
|---|---|---|---|
| 999 |
_c28890 _d28861 |
||
| 001 | 15553205 | ||
| 003 | EG-ScBUE | ||
| 005 | 20201010113145.0 | ||
| 008 | 081211s2010 maua f b 001 0 eng d | ||
| 020 | _a9780071271257 | ||
| 020 | _a0071271252 | ||
| 035 | _a(OCoLC)ocn283802930 | ||
| 040 |
_aDLC _beng _erda _cDLC _dYDX _dYDXCP _dCDX _dDLC _dEG-ScBUE |
||
| 082 | 0 | 4 |
_a174.4 _bGHI _222 |
| 100 | 1 |
_aGhillyer, Andrew, _eauthor. |
|
| 245 | 1 | 0 |
_aBusiness ethics : _ba real world approach / _cAndrew Ghillyer, vice president academic affairs, Argosy University, Tampa, Florida. |
| 250 | _aSecond edition. | ||
| 264 | 1 |
_aBoston : _bMcGraw-Hill, _c2010. |
|
| 300 |
_axx, 359 pages : _bcolor illustrations ; _c28 cm |
||
| 336 |
_2rdacontent _atext _btxt |
||
| 337 |
_2rdamedia _aunmediated _bn |
||
| 338 |
_2rdacarrier _avolume _bnc |
||
| 500 | _aIncludes appendices. | ||
| 500 | _aIncludes glossary. | ||
| 504 | _aIncludes bibliographical references and index. | ||
| 650 | 7 |
_aBusiness ethics. _2BUEsh |
|
| 650 | 7 |
_aBusiness ethics _vCase studies. _2BUEsh |
|
| 653 |
_bGGEN _cOctober2020 |
||
| 655 | _vReading book | ||
| 906 |
_a7 _bcbc _corignew _d1 _eecip _f20 _gy-gencatlg |
||
| 942 |
_2ddc _cBB |
||